Intraventricular Conduction Disturbances /

Bibliographic Details
Main Author: Alboni, Paolo
Corporate Author: SpringerLink (Online service)
Format: eBook
Language:English
Published: Dordrecht : Springer Netherlands, 1981.
Series:Developments in cardiovascular medicine ; 12.
Subjects:
Online Access:Connect to the full text of this electronic book

MARC

Tag First Indicator Second Indicator Subfields
LEADER 00000cam a2200000Mi 4500
001 in00003551721
006 m o d
007 cr mnu---uuaaa
008 121227s1981 ne o 000 0 eng
005 20260421183139.7
020 |a 9789400982871 (electronic bk.) 
020 |a 9400982879 (electronic bk.) 
020 |z 9789400982895 
020 |z 9400982895 
035 |a (OCoLC)851363570 
040 |a AU@  |b eng  |c AU@  |d OCLCQ  |d OCLCO  |d GW5XE  |d OCLCF  |d UtOrBLW 
049 |a TXAM 
050 4 |a RC681-688.2 
072 7 |a MJD  |2 bicssc 
072 7 |a MED010000  |2 bisacsh 
082 0 4 |a 616.12  |2 23 
100 1 |a Alboni, Paolo. 
245 1 0 |a Intraventricular Conduction Disturbances /  |c by Paolo Alboni. 
264 1 |a Dordrecht :  |b Springer Netherlands,  |c 1981. 
300 |a 1 online resource (409 pages) 
336 |a text  |b txt  |2 rdacontent 
337 |a computer  |b c  |2 rdamedia 
338 |a online resource  |b cr  |2 rdacarrier 
490 1 |a Developments in cardiovascular medicine,  |x 0166-9842 ;  |v 12 
500 |a Electronic resource. 
650 0 |a Medicine. 
650 0 |a Cardiology. 
650 7 |a Cardiology.  |2 fast  |0 (OCoLC)fst00847121 
650 7 |a Medicine.  |2 fast  |0 (OCoLC)fst01014893 
655 7 |a Electronic books.  |2 local 
710 2 |a SpringerLink (Online service) 
776 1 8 |i Print version:  |z 9789400982895 
830 0 |a Developments in cardiovascular medicine ;  |v 12. 
856 4 0 |u http://proxy.library.tamu.edu/login?url=https://link.springer.com/10.1007/978-94-009-8287-1  |z Connect to the full text of this electronic book  |t 0 
994 |a 92  |b TXA 
999 |a MARS 
999 f f |s 09349193-c2c2-3987-adf1-de08eb32ef9e  |i 7a0803ee-c94b-347c-8a32-0e69025d35ff  |t 0 
952 f f |a Texas A&M University  |b College Station  |c Electronic Resources  |s www_evans  |d Available Online  |t 0  |e RC681-688.2  |h Library of Congress classification 
998 f f |a RC681-688.2  |t 0  |l Available Online